| 000 | 00656nam a22002177i 4500 | ||
|---|---|---|---|
| 003 | URS | ||
| 005 | 20220117150743.0 | ||
| 020 | _a9789712353062 | ||
| 040 |
_beng _cURS _erda |
||
| 050 | 1 | 4 |
_aHF 5636 _bM1183 2009 |
| 100 | 1 |
_aMacapilit, Cecilia Hugot _eauthor |
|
| 245 | 1 | 0 |
_aWorktext in basic accounting : _b(service/merchandising) / _cCecilia Hugo-Macapilit. |
| 250 | _aRevised edition | ||
| 264 | 1 |
_aManila : _bRex Bookstore, _c2009. |
|
| 300 |
_axv, 324 pages ; _c25 cm |
||
| 336 |
_atext _btxt _2rdacontent |
||
| 337 |
_aunmediated _bn _2rdamedia |
||
| 338 |
_avolume _bnc _2rdacarrier |
||
| 650 | 0 |
_aAccounting _xProblems, exercises, etc. |
|
| 942 |
_cF _2lcc |
||
| 999 |
_c5793 _d5793 |
||